Chirale Welten : Zur Wissenschaftssoziologie des disziplinären Wandels der Chemie /

Die Chemie büßt zugunsten physikalischer und lebenswissenschaftlicher Konzeptionen zunehmend an Deutungsmacht über die molekulare Welt ein. Sandra Lang überprüft, inwiefern von einer Diffusion der chemischen Wissenschaften gesprochen werden kann. Anhand der vier exemplarischen Grenzfelder Materialwi...

Full description

Bibliographic Details
Main Author: Lang, Sandra (Author)
Corporate Author: Walter de Gruyter & Co
Format: eBook
Language:German
Published: Bielefeld : Transcript, 2021.
Series:Science studies (Bielefeld, Germany)
Subjects:
Online Access:Connect to the full text of this electronic book

MARC

Tag First Indicator Second Indicator Subfields
LEADER 00000cam a2200000 i 4500
001 in00004775889
006 m o d
007 cr cnu|||unuuu
008 210824s2021 gw ob 000 0 ger d
005 20240212223718.8
035 |a (OCoLC)on1264710074 
040 |a N$T  |b eng  |e rda  |e pn  |c N$T  |d N$T  |d OCLCO  |d DEGRU  |d UKKNU  |d OCLCF  |d OCLCQ  |d OCLCO  |d EBLCP  |d OCLCQ  |d AUD  |d OCLCO 
020 |a 9783839457948  |q (electronic bk.) 
020 |a 3839457947  |q (electronic bk.) 
020 |z 9783837657944 
035 |a (OCoLC)1264710074 
050 4 |a QD481 
082 0 4 |a 541.223  |2 23 
049 |a TXAM 
100 1 |a Lang, Sandra,  |e author. 
245 1 0 |a Chirale Welten :  |b Zur Wissenschaftssoziologie des disziplinären Wandels der Chemie /  |c Sandra Lang. 
264 1 |a Bielefeld :  |b Transcript,  |c 2021. 
300 |a 1 online resource 
336 |a text  |b txt  |2 rdacontent 
337 |a computer  |b c  |2 rdamedia 
338 |a online resource  |b cr  |2 rdacarrier 
490 1 |a Science studies 
504 |a Includes bibliographical references. 
505 0 0 |t Frontmatter --  |t Inhalt --  |t 1 Einleitung --  |t 2 Chiralität - zur Entstehung und Entwicklung einer chemischen Tatsache --  |t 3 "A materials way of thinking": Chiralität in Nano-, Material- und Oberflächenforschung --  |t 4 Vom kleinen zum großen Molekül: Zugänge zur Chiralität in der pharmazeutischen Industrie --  |t 5 "Die machen uns die Moleküle" - Zur Grenzarbeit zwischen Biomedizin und Chemie --  |t 6 "Wir gehen so tief wie man nur gehen kann": Chiralität in Quantenchemie und Wissenschaftsphilosophie --  |t 7 Schluss und Ausblick --  |t Abbildungsverzeichnis --  |t Literatur 
520 |a Die Chemie büßt zugunsten physikalischer und lebenswissenschaftlicher Konzeptionen zunehmend an Deutungsmacht über die molekulare Welt ein. Sandra Lang überprüft, inwiefern von einer Diffusion der chemischen Wissenschaften gesprochen werden kann. Anhand der vier exemplarischen Grenzfelder Materialwissenschaften, Biomedizin, Pharmazie und Quantenchemie und deren Narrative zur molekularen Eigenschaft der Chiralität veranschaulicht sie die transformative Phase der Chemie angesichts sich wandelnder Innovationsdispositive. 
588 0 |a Online resource; title from PDF title page (EBSCO, viewed August 26, 2021). 
650 0 |a Chirality. 
650 0 |a Stereochemistry. 
650 0 |a Molecular structure. 
650 0 |a Science  |x Social aspects. 
650 2 |a Molecular Structure 
650 6 |a Chiralité. 
650 6 |a Stéréochimie. 
650 6 |a Structure moléculaire. 
650 6 |a Sciences  |x Aspect social. 
650 7 |a molecular structure.  |2 aat 
650 7 |a SOCIAL SCIENCE  |x Sociology  |x General.  |2 bisacsh 
650 7 |a Chirality  |2 fast 
650 7 |a Molecular structure  |2 fast 
650 7 |a Science  |x Social aspects  |2 fast 
650 7 |a Stereochemistry  |2 fast 
653 |a Border Work. 
653 |a Chirality. 
653 |a History of Science. 
653 |a Hybridity. 
653 |a Interdisciplinarity. 
653 |a Molecule Concept. 
653 |a Natural Sciences. 
653 |a Science. 
653 |a Sociology of Knowledge. 
653 |a Sociology of Science. 
653 |a Sociology of Technology. 
653 |a Sociology. 
653 |a Technology. 
655 7 |a Electronic books.  |2 local 
710 2 |a Walter de Gruyter & Co. 
830 0 |a Science studies (Bielefeld, Germany) 
856 4 0 |u https://www.degruyter.com/openurl?genre=book&isbn=9783839457948  |z Connect to the full text of this electronic book  |t 0 
955 |a De Gruyter Open Access ebooks 
994 |a 92  |b TXA 
999 f f |s 8a21b996-8f51-4339-b8f1-6c2e21fd2562  |i f664fd92-25c4-47a2-bb05-defe920c79b3  |t 0 
952 f f |a Texas A&M University  |b College Station  |c Electronic Resources  |d Available Online  |t 0  |e QD481   |h Library of Congress classification 
998 f f |a QD481   |t 0  |l Available Online